Gaming Quiz

Random Gaming or Video Games Quiz

Video Game Character Haiku Quiz Stats

 Plays Quiz Updated Mar 5, 2019

Score 0/18 Timer 06:00
1 Play Today
Haiku Character % Correct
Jumping and mushrooms / But perhaps better known for / Distinctive moustacheMario
90.7%
In cold, steel armor / I hunt down the scum of space / Girl power, babySamus Aran
59.1%
A speedy sidekick / Flies like a helicopter / One that has two buttsMiles 'Tails' Prower
57.8%
Eating dots and fruit / Chased by undead menaces / The bow means femaleMs. Pac-Man
56.1%
Blades and chains for war / A painted man seeks vengeance / All the gods are jerksKratos
46.9%
Spiky-haired justice / Hit the desk for emphasis / Cry out, 'Objection!!'Phoenix Wright
36.2%
Lived for centuries / Lived may not be the right word / Up yours, Belmont clanDracula
30.9%
Wearing a headband / Strike like a rising dragon / Huh? Who is Sheng Long?Ryu
30.3%
Behind a gas mask / Lurks a mind of great power / Plug it in port 2!Psycho Mantis
22.7%
Haiku Character % Correct
The greatest SOLDIER / My mother was an ancient / Oops, no she wasn'tSephiroth
22.4%
Six sides of friendship / Please escort me through the stage / Goodbye, I *heart* youWeighted Companion Cube
14.1%
Summoning, sending / Later I pack heat, Woo-style / Hey, my eyes don't matchYuna
14%
A big bushy beard / Hides mechanical genius / Rock and roll robotsDr. Light
13.8%
Bearing claw-like blades / Writhes on the ground, dressed as if / for BDSMVoldo
13.4%
African agent / Takes on bio-terrorists / Last costume: racist?Sheva Alomar
11.1%
Lord of the mountain / 'Sworn brother' of stony strength / New career as sageDarunia
9.7%
Brilliant inventor / With glasses and fire techniques / Creates time portalLucca
8.3%
Dinosaurs beware / Rock-like head hits like hammer / Meat-powered rampageBonk
7.1%

You're not logged in!

Compare scores with friends on all Sporcle quizzes.
OR
Log In

Sporcle TV

Today on Sporcle TV


Watch our educational content, quiz creation guides, and fun videos on Sporcle TV.

Show Comments

Extras

Top Quizzes Today


Score Distribution

Your Account Isn't Verified!

In order to create a playlist on Sporcle, you need to verify the email address you used during registration. Go to your Sporcle Settings to finish the process.

Report this User

Report this user for behavior that violates our Community Guidelines.

Details: